The Routledge Handbook of Maritime India History, Strategy, and Engagement (Record no. 32102)

000 -LEADER
fixed length control field 00633 a2200193 4500
003 - CONTROL NUMBER IDENTIFIER
control field OSt
005 - DATE AND TIME OF LATEST TRANSACTION
control field 20260121150141.0
008 - FIXED-LENGTH DATA ELEMENTS--GENERAL INFORMATION
fixed length control field 260121b ||||| |||| 00| 0 eng d
020 ## - INTERNATIONAL STANDARD BOOK NUMBER
International Standard Book Number 978-1-003-86360-1
040 ## - CATALOGING SOURCE
Transcribing agency .
082 ## - DEWEY DECIMAL CLASSIFICATION NUMBER
Classification number 387.50934
Item number R1619
100 ## - MAIN ENTRY--PERSONAL NAME
9 (RLIN) 6530
Personal name Raju, Adluri Subramanyam
Relator term Editor
245 ## - TITLE STATEMENT
Title The Routledge Handbook of Maritime India History, Strategy, and Engagement
Statement of responsibility, etc. by Adluri Subramanyam Raju and R. Srinivasan
260 ## - PUBLICATION, DISTRIBUTION, ETC.
Name of publisher, distributor, etc. Routledge Taylor & Francis Group,
Place of publication, distribution, etc. London :
Date of publication, distribution, etc. 2025.
300 ## - PHYSICAL DESCRIPTION
Extent 416 p.
650 #0 - SUBJECT ADDED ENTRY--TOPICAL TERM
9 (RLIN) 5363
Topical term or geographic name entry element Marine Transportation
700 ## - ADDED ENTRY--PERSONAL NAME
9 (RLIN) 6531
Personal name Srinivasan, R.
Relator term Editor
942 ## - ADDED ENTRY ELEMENTS (KOHA)
Source of classification or shelving scheme
Koha item type Books
Holdings
Withdrawn status Lost status Source of classification or shelving scheme Damaged status Not for loan Collection code Permanent Location Current Location Shelving location Date acquired Source of acquisition Cost, normal purchase price Full call number Barcode Date last seen Cost, replacement price Price effective from Koha item type
          Non-fiction IMU Kolkata IMU Kolkata Reference 2026-02-12 29 957.00 387.50934 R1619 14616 2026-02-12 1595.00 2026-02-12 Books
Designed and Maintained by IMU-KC Library, Kolkata Campus © Copyright All Rights Reserved

webs counters

Powered by Koha